Statistics for [路線図付き] 東急電鉄 大井町線 駅名穴埋めクイズ

Click here to take the quiz!

General Stats

  • This quiz has been taken 43 times
  • The average score is 15 of 18

Answers on the Map

Answers color-coded by a green-red scale on the quiz's map according to % correct below.
 

Answer Stats

Answer% Correct
大井町線OM01大井町
100%
大井町線OM08大岡山
100%
大井町線OM15二子玉川
100%
大井町線OM16溝の口
100%
大井町線OM10自由が丘
96%
大井町線OM14上野毛
92%
大井町線OM13等々力
88%
大井町線OM11九品仏
88%
大井町線OM04中延
83%
大井町線二子新地
83%
大井町線OM06旗の台
79%
大井町線OM07北千束
75%
大井町線OM09緑が丘
75%
大井町線高津
75%
大井町線OM02下神明
71%
大井町線OM12尾山台
67%
大井町線OM05荏原町
63%
大井町線OM03戸越公園
63%

Score Distribution

Percentile by Number Answered

Percent of People with Each Score

Your Score History

You have not taken this quiz